| 000 | 00748nam a2200241 a 4500 | ||
|---|---|---|---|
| 001 | BRCA_5945 | ||
| 005 | 20190320205254.0 | ||
| 008 | 240311m19221928gw-a######---#000-0#ger-# | ||
| 041 | _ager | ||
| 044 | _agw | ||
| 050 | 4 |
_aNK7210 _b.R67 1922 |
|
| 100 | 1 |
_aRosenberg, Marc _d1852-1930 _915016 |
|
| 245 | 1 | 0 |
_aDer Goldschmiede Merkzeichen _cMarc Rosenberg. |
| 250 | _a3 | ||
| 260 |
_aFrankfurt am Main _bFrankfurter Verlags-Anstalt _c1922-1928 |
||
| 300 |
_a4 v. _bil., 118 láminas _c25 cm. |
||
| 500 | _aG75 | ||
| 505 | 0 | _aContenido: v.1 Deutschland A-C. -- v.2. Deutschland D-M. -- v.3. Deutschland N-Z. -- v.4. Ausland und Byzanz | |
| 650 | 1 | 4 |
_aMarcas de orfebrería _99229 |
| 650 | 1 | 4 |
_aOrfebrería _97836 |
| 902 | _aGFM | ||
| 942 |
_2lcc _cB |
||
| 999 |
_c5634 _d5634 |
||